Электрические машины: учебное пособие: пер. с нем.; Т. 1: Расчетные элементы общего значения. Машины постоянного тока

Manylion Llyfryddiaeth
Prif Awdur: Рихтер Р.
Iaith:Rwseg
Cyhoeddwyd: Ленинград, 1935
Pynciau:
Fformat: Llyfr
KOHA link:https://koha.lib.tpu.ru/cgi-bin/koha/opac-detail.pl?biblionumber=102948

MARC

LEADER 00000nam0a2200000 4500
001 102948
005 20231031113152.0
035 |a (RuTPU)RU\TPU\book\110994 
090 |a 102948 
100 |a 20061010d1935 m y0rusy50 ca 
101 1 |a rus  |c eng 
102 |a RU 
105 |a a z 001zy 
200 1 |a Электрические машины  |e учебное пособие: пер. с нем.  |h Т. 1: Расчетные элементы общего значения. Машины постоянного тока  |f Р. Рихтер 
210 |a Ленинград  |d 1935 
215 |a 588 с.  |c ил. 
610 1 |a электрические машины 
610 1 |a машины постоянного тока 
610 1 |a понятия 
610 1 |a законы 
610 1 |a электромашиностроение 
610 1 |a индуктивность 
610 1 |a вентиляция 
675 |a 621.313  |v 3 
700 1 |a Рихтер  |b Р. 
801 1 |a RU  |b 63413507  |c 20061010  |g PSBO 
801 2 |a RU  |b 63413507  |c 20210825  |g PSBO 
942 |c BK